| 000 | nam a22 7a 4500 | ||
|---|---|---|---|
| 999 |
_c21730 _d21730 |
||
| 008 | 170123b xxu||||| |||| 00| 0 eng d | ||
| 020 | _a9780538470223 | ||
| 050 | _aHF 5549 .M38 2011 | ||
| 100 |
_aMathis, Robert L. _d2011 |
||
| 245 |
_aHuman resource management/ _cRobert L. Mathis, John H. Jackson. |
||
| 250 | _a13th ed. | ||
| 260 |
_aUSA: _bSouth western/ cengage learning, _c2011. |
||
| 300 |
_axxx, 634p.: _bill.; _c26cm. |
||
| 521 | _aIncludes bibliographical references and index. | ||
| 650 | _aPersonnel management. | ||
| 700 | _aJackson, John H. | ||
| 942 |
_2lcc _cBOOKS _hHF 5549 .M38 2011 _01 |
||